<?xml version="1.0" encoding="UTF-8"?><?xml-stylesheet type="text/xsl" href="static/style.xsl"?><OAI-PMH xmlns="http://www.openarchives.org/OAI/2.0/" xmlns:xsi="http://www.w3.org/2001/XMLSchema-instance" xsi:schemaLocation="http://www.openarchives.org/OAI/2.0/ http://www.openarchives.org/OAI/2.0/OAI-PMH.xsd"><responseDate>2026-04-28T20:46:41Z</responseDate><request verb="GetRecord" identifier="oai:riubu.ubu.es:10259/10642" metadataPrefix="marc">https://riubu.ubu.es/oai/request</request><GetRecord><record><header><identifier>oai:riubu.ubu.es:10259/10642</identifier><datestamp>2025-07-02T00:05:28Z</datestamp><setSpec>com_10259_4846</setSpec><setSpec>com_10259_5086</setSpec><setSpec>com_10259_2604</setSpec><setSpec>col_10259_4847</setSpec></header><metadata><record xmlns="http://www.loc.gov/MARC21/slim" xmlns:doc="http://www.lyncode.com/xoai" xmlns:xsi="http://www.w3.org/2001/XMLSchema-instance" xmlns:dcterms="http://purl.org/dc/terms/" xsi:schemaLocation="http://www.loc.gov/MARC21/slim http://www.loc.gov/standards/marcxml/schema/MARC21slim.xsd">
<leader>00925njm 22002777a 4500</leader>
<datafield tag="042" ind1=" " ind2=" ">
<subfield code="a">dc</subfield>
</datafield>
<datafield tag="720" ind1=" " ind2=" ">
<subfield code="a">San Martín Zapatero, Jesús Alberto</subfield>
<subfield code="e">author</subfield>
</datafield>
<datafield tag="720" ind1=" " ind2=" ">
<subfield code="a">Díaz de Torres, María</subfield>
<subfield code="e">author</subfield>
</datafield>
<datafield tag="260" ind1=" " ind2=" ">
<subfield code="c">2025-06</subfield>
</datafield>
<datafield tag="520" ind1=" " ind2=" ">
<subfield code="a">La  enseñanza  de  la  prehistoria  es  un  pilar  básico  en  el  currículo  español.  Sin embargo, su enseñanza es desigual, desequilibrada, estereotipada y alejada de los avances  disciplinares  de  la  prehistoria.  Ello  hace  que  su  enorme  potencial didáctico  como  agente  transformador  pase  desapercibido  e  inhiba  el  sentido  de enseñar prehistoria. El objetivo del estudio es conocer el lugar de la prehistoria en la educación secundaria, analizando una muestra de los libros de texto de mayor tirada en España. Se sigue un método mixto de corte descriptivo de análisis crítico del  discurso,  a  través  de  la  construcción  ad  hoc  de  una  matriz  categorial,  con vocación  de  replicabilidad,  que  permite  el  registro  y  el  vaciado  de  datos.  Los resultados  expresan  que  la  prehistoria  escolar  a  través  de  sus  manuales  sigue reproduciendo sesgos androcéntricos  y eurocéntricos, limita la perspectiva de la evolución  en  clave  de  diversidad  y  mantiene  un  tratamiento  didáctico  de  la temporalidad cronologista.</subfield>
</datafield>
<datafield tag="520" ind1=" " ind2=" ">
<subfield code="a">The teaching of prehistory is a basic pillar in the Spanish curriculum. However, its  teaching  is  uneven,  unbalanced,  stereotyped  and  far  removed  from  the disciplinary  advances  of  prehistory. This  means  that  its  enormous  educational potential  as  a  transformative  agent  goes  unnoticed  and  inhibits  the  meaning  of teaching prehistory. The aim of this study is to determine the place of prehistory in secondary education by analysing a sample of the most widely-read textbooks in Spain. A mixed method of descriptivecritical discourse  analysis is followed, through  the  ad  hoc  construction  of  a  categorical  matrix,  with  a  vocation  for replicability, which allows the recording and emptying of data. The results show that school prehistory through its textbooks continues to reproduce androcentric and  Eurocentric  biases,  limits  the  perspective  of  evolution  in  terms  of  diversity and maintains a didactic treatment of chronological temporality.</subfield>
</datafield>
<datafield tag="024" ind2=" " ind1="8">
<subfield code="a">2660-9037</subfield>
</datafield>
<datafield tag="024" ind2=" " ind1="8">
<subfield code="a">https://hdl.handle.net/10259/10642</subfield>
</datafield>
<datafield tag="024" ind2=" " ind1="8">
<subfield code="a">10.5281/zenodo.14975870</subfield>
</datafield>
<datafield ind1=" " ind2=" " tag="653">
<subfield code="a">Educación para la ciudadanía</subfield>
</datafield>
<datafield ind1=" " ind2=" " tag="653">
<subfield code="a">Enseñanza de la historia</subfield>
</datafield>
<datafield ind1=" " ind2=" " tag="653">
<subfield code="a">Enseñanza secundaria</subfield>
</datafield>
<datafield ind1=" " ind2=" " tag="653">
<subfield code="a">Prehistoria</subfield>
</datafield>
<datafield ind1=" " ind2=" " tag="653">
<subfield code="a">Citizenship education</subfield>
</datafield>
<datafield ind1=" " ind2=" " tag="653">
<subfield code="a">History education</subfield>
</datafield>
<datafield ind1=" " ind2=" " tag="653">
<subfield code="a">Secondary education</subfield>
</datafield>
<datafield ind1=" " ind2=" " tag="653">
<subfield code="a">Prehistory</subfield>
</datafield>
<datafield tag="245" ind1="0" ind2="0">
<subfield code="a">El sentido de enseñar prehistoria: un estudio desde la didáctica de las ciencias sociales en el contexto español</subfield>
</datafield>
</record></metadata></record></GetRecord></OAI-PMH>